Historiske personer fra middelalderen (Bilder) - Statistics

General Stats
  • This quiz has been taken 22 times
  • The average score is 6 of 18
Answer Stats
Picture Hint Answer % Correct
Konge av det store Frankerriket, kronet romersk keiser av paven i 800 Karl den store
75%
Araberen som grunnla islam i 610 Muhammad
63%
Vikinghøvding og Norges første konge i 872 Harald Hårfagre
56%
Fransk jente som kriget i 100-årskrigen i 1430, henrettet av de engelske Jeanne d'Arc
56%
Italiensk poet, skrev "Den guddommelige komedie", 1320 Dante Alighieri
50%
Den store keiseren av mongolene fra 1206-27 Dsjengis Khan
50%
Hunernes store høvding fra 434-53 (før middelalderen) Attila huneren
44%
Sønnesønn av Dsjengis Khan og keiser av Kina, 1260-94 Kublai Khan
38%
Hertugen av Normandie som erobret England i 1066 Vilhelm (William) erobreren
38%
Den engelske kongen som undertegnet Magna Carta i 1215 Johan uten land (King John)
31%
Pave som bygde ut kirkens administrasjon og pavens makt, 590-604 Gregor I den store
25%
Konge av England, 1189-99, og den forriges store rival i det 3. korstog Rikard Løvehjerte (Richard I the Lionheart)
25%
Osmansk (tyrkisk) sultan som erobret Konstantinopel (Bysants) i 1453 Mehmet II erobreren
19%
Den kurdiske sultanen av Egypt som erobret Jerusalem fra korsfarerne i 1187 Saladin
19%
Bysantinsk keiser, 527-65, bygde Hagia Sophia Justinian I den store
13%
Germaner som erobret Italia (Vest-Romerriket falt) i 476 Odovakar
13%
Den største keiseren av Det hellige tysk-romerske riket, 1155-90 Fredrik I Barbarossa
6%
Tyrkisk-mongolsk krigsherre fra Usbekistan som skapte et rike i Sentral-Asia og Persia i 1370 Timur Lenk
6%
No matching quizzes found
Score Distribution
Percent of People with Each Score
Percentile by Number Answered
Your Score History
You have not taken this quiz